L'essenziale ...è dentro di te, scoprilo /

সংরক্ষণ করুন:
গ্রন্থ-পঞ্জীর বিবরন
প্রধান লেখক: Narducci, Denise Lorella
বিন্যাস: গ্রন্থ
ভাষা:ইতালিয়
প্রকাশিত: Patti : Kimerik, 2015
মালা:Officina delle idee
ট্যাগগুলো: ট্যাগ যুক্ত করুন
কোনো ট্যাগ নেই, প্রথমজন হিসাবে ট্যাগ করুন!

MARC

LEADER 00000nam a22000007i 4500
001 IT\ICCU\PAL\0283098
003 ItRI
005 20240403201054.0
008 150807s2015 it |||||| ||||| |||||c
020 |a 9788868845421 
040 |b ita  |c GP 
041 7 |a ita  |2 ISO-639-2 
100 1 |a Narducci, Denise Lorella  |0 IT\ICCU\MOLV\104768 
245 1 2 |a L'essenziale ...è dentro di te, scoprilo /  |c Denise Lorella Narducci. 
260 |a Patti :  |b Kimerik,  |c 2015 
300 |a 209 p. :  |b ill. ;  |c 21 cm 
830 0 |a Officina delle idee  |0 IT\ICCU\RAV\2010723 
942 |2 ddc  |c BK 
952 |0 0  |1 0  |2 ddc  |4 0  |6 155_340000000000000_NAR  |7 1  |9 1190  |a RM  |b RM  |d 2024-04-03  |l 0  |o 155.34 NAR  |p 736  |r 2024-04-03 20:11:16  |w 2024-04-03  |y BK 
981 1 |6 z01  |a i   |b xxxe  
982 1 |6 z01  |a n 
999 |c 1093  |d 1093